00338 a2200109 4500001000700000020000600007040001100013100004200024240007900066245007400145362000900219166892 a  cMagnum aCuberes, Maria Teresa Gonzalez (Org.)10aEducacao infantil e series iniciais: articulacao para a alfabetizacaolpor10aEducacao infantil e series iniciais: articulacao para a alfabetizacao0 a1899